Caracterización hidrodinámica de biofiltros con soporte de espuma de poliuretano
Shranjeno v:
| Glavni avtor: | |
|---|---|
| Format: | Knjiga |
| Izdano: |
San José, C.R.
1998
|
| Teme: | |
| Oznake: |
Označite
Brez oznak, prvi označite!
|
MARC
| LEADER | 00000nam a2200000Ia 4500 | ||
|---|---|---|---|
| 003 | 007509 | ||
| 005 | 20221231144220.0 | ||
| 008 | 140114s1998 cr a m 000 ||s d | ||
| 040 | |c cru CEDI | ||
| 090 | |a TFG 3937 | ||
| 100 | |a Méndez McDonald, Carina |9 8866 | ||
| 245 | |a Caracterización hidrodinámica de biofiltros con soporte de espuma de poliuretano | ||
| 260 | |c 1998 |a San José, C.R. | ||
| 300 | |a ix, 98 hojas : ilustraciones | ||
| 500 | |a Proyecto de graduación (licenciatura en ingeniería química)--Universidad de Costa Rica. Facultad de Ingeniería. Escuela de Ingeniería Química | ||
| 650 | |x BIODEGRADACION DE AGUAS RESIDUALES |x TANQUES DE SEDIMENTACION |x FILTRACION |x PURIFICACION DE AGUAS RESIDUALES |x ESPUMA PLASTICA |9 8867 | ||
| 942 | |c TFG | ||
| 999 | |c 18565 |d 18565 | ||
